000 00596nam a2200217 i 4500
001 C2-0304660
003 PPAK
005 20180728085811.0
008 100609s xx |||| ||||| | may d
040 _aPPAK
_beng
_cPPAK
_erda
082 0 4 _a069.209595
_223
090 0 0 _a069.209595
_bNAS
_dKLB
100 1 _aNasariah Tg. Syed Ibrahim, Tengku,
_eauthor
245 1 0 _aPenubuhan Muzium Sains ke Arah Kejayaan
300 _a9 pages ;
_c30 cm
336 _2rdacontent
_atext
337 _2rdamedia
_aunmediated
338 _2rdacarrier
_avolume
650 1 0 _aMuseums - Malaysia
942 _ddc
_cB
999 _c107784
_d107784